Datum a čas kvízu
24.5
Celkem bodů
Celkový počet nahraných bodů na tomto kvízu bez doplňovacích otázek.
3.
Pořadí na kvízu
Konečné umístění týmu na tomto kvízu.
Zaznamenané odpovědi
| # | Otázka | Odpověď | Body | Výsledky |
|---|---|---|---|---|
| 1. | Minulý týden připravili pracov... | D) šaliny | 0 | |
| 2. | Ve čtvrtek ustála předsedkyně... | Pfizergate | 0 | |
| 3. | Slavná polská režisérka Agnies... | Franz | 0 | |
| 4. | Evropská unie definitivně schv... | Bulharsko | 1 | |
| 5. | Který český sportovec či sport... | Kateřina Siniaková, smíšená čtyřhra (mix) | 1 | |
| 6. | Tento snímek pochází z národní... | Žofínský prales | 1 | |
| 7. | Rejvíz je národní přírodní rez... | A) Jeseníků | 1 | |
| 8. | Tuto přírodní rezervaci najdem... | Prachovské skály | 1 | |
| 9. | Nyní se podíváme na nejdelší j... | Koněpruské jeskyně | 1 | |
| 10. | Nesmíme opomenout Národní park... | C) Kamenice | 1 |